| 000 | 00603nam a2200145 a 4500 | ||
|---|---|---|---|
| 001 | 000044350 | ||
| 005 | 20201002045318.0 | ||
| 008 | 140620s2012 cr 000 0 spa d | ||
| 020 | _a9789977152202 | ||
| 040 |
_aDO-SdBNP _bspa _cBNPHU |
||
| 245 | 0 | 0 |
_aIndependencias, estados y política(s) en la centroamérica del siglo XIX : _blas huellas históricas del bicentenario / _ceditores David Díaz Arias Ronny Viales Hurtado. |
| 260 |
_aSan José, Costa Rica : _bUniversidad de Costarrica, _c2012. |
||
| 300 |
_a282 p. ; _c26 cm. |
||
| 504 | _aIncluye referencias bibliográficas y notas al pie de las páginas | ||
| 999 |
_c43839 _d43839 |
||